| 000 | 00690nam a2200253Ia 4500 | ||
|---|---|---|---|
| 003 | OSt | ||
| 005 | 20220928111455.0 | ||
| 006 | a|||||r|||| 00| 0 | ||
| 007 | ta | ||
| 008 | 220927b |||||||| |||| 00| 0 hin d | ||
| 020 | _cIndian Rupees 210.00 | ||
| 024 | _a138239 | ||
| 037 |
_bGift, 05/07/2018, _cTextual |
||
| 040 |
_aSDCL _cSDCL _bhin |
||
| 041 |
_2hin _ahin |
||
| 082 | _aO152,1N51, Q4 | ||
| 100 |
_aKumar Anupam _9423814 |
||
| 245 | 0 | _aPare ki phaseelin par | |
| 260 |
_aDelhi _bSabdalok _c2014 |
||
| 300 |
_a80p. _ccm. |
||
| 650 |
_aGift _9391569 |
||
| 942 |
_hO152,1N51, Q4 _cTEXL _2CC |
||
| 999 |
_c740388 _d740388 |
||